NCAA Football Champions by Logo - Statistics

General Stats
  • This quiz has been taken 90 times
  • The average score is 25 of 27
Answer Stats
Picture Answer % Correct
Alabama
99%
Georgia
99%
Michigan
99%
Notre Dame
99%
Texas
99%
Clemson
97%
Colorado
97%
Florida
97%
Florida State
97%
Miami
97%
Auburn
96%
Nebraska
96%
Penn State
96%
Tennessee
96%
Georgia Tech
94%
LSU
94%
Michigan State
94%
Oklahoma
94%
Maryland
93%
Ohio State
93%
Pittsburgh
93%
Washington
93%
BYU
91%
Minnesota
91%
Syracuse
91%
USC
91%
UCLA
75%
No matching quizzes found
Score Distribution
Percent of People with Each Score
Percentile by Number Answered
Your Score History
You have not taken this quiz